<?xml version="1.0" encoding="UTF-8"?>
<marc:record xmlns:marc="http://www.loc.gov/MARC21/slim">
   <marc:leader>00000nam a2200000 a 4500</marc:leader>
   <marc:datafield ind1="1" ind2=" " tag="100">
      <marc:subfield code="a">Kratzer, Hertha</marc:subfield>
      <marc:subfield code="4">aut</marc:subfield>
      <marc:subfield code="e">Verfasser/-in</marc:subfield>
   </marc:datafield>
   <marc:datafield ind1=" " ind2=" " tag="653">
      <marc:subfield code="a">Frau</marc:subfield>
   </marc:datafield>
   <marc:datafield ind1=" " ind2=" " tag="653">
      <marc:subfield code="a">Österreich</marc:subfield>
   </marc:datafield>
   <marc:datafield ind1=" " ind2=" " tag="653">
      <marc:subfield code="a">20. Jahrhundert</marc:subfield>
   </marc:datafield>
   <marc:datafield ind1=" " ind2=" " tag="653">
      <marc:subfield code="a">Moderne</marc:subfield>
   </marc:datafield>
   <marc:datafield ind1="0" ind2="0" tag="245">
      <marc:subfield code="a">Alles, was ich wollte, war Freiheit</marc:subfield>
   </marc:datafield>
   <marc:datafield ind1="0" ind2="0" tag="245">
      <marc:subfield code="b">außergewöhnliche Österreicherinnen der Moderne</marc:subfield>
   </marc:datafield>
   <marc:datafield ind1="0" ind2="0" tag="245">
      <marc:subfield code="c">Hertha Kratzer</marc:subfield>
   </marc:datafield>
   <marc:datafield ind1=" " ind2="1" tag="264">
      <marc:subfield code="a">Wien [u.a.]</marc:subfield>
      <marc:subfield code="b">Styria Premium</marc:subfield>
      <marc:subfield code="c">2015</marc:subfield>
   </marc:datafield>
   <marc:datafield ind1="1" ind2=" " tag="520">
      <marc:subfield code="a">Die Biografien zehn österreichischer Protagonistinnen in Sachen Frauenemanzipation.  Für bürgerliche und adelige Frauen waren am Ende des 19. und zu Beginn des 20. Jahrhunderts in der Habsburger-Monarchie die sozialen Rollen strikt vorgegeben: Ehefrau und Mutter. Herta Kratzer hat nun im vorliegenden Band die unterschiedlichen Lebensgeschichten von zehn außergewöhnlichen österreichischen Frauen, welche diese engen Konventionen sprengten und den Weg in die Emanzipation antraten, nach ausführlicher Recherche lebendig und facettenreich beschrieben und in drei Arbeitsfeldern thematisch zusammengefasst: "Schauplatz Manege und Bühne" (Henriette Willardt, Tilla Durieux, Cilli Wang, Hedy Lamarr), "Emanzipation und Extravaganz" (Gräfin Kinsky, Wanda Sacher-Masoch, Frida Strindberg-Uhl) sowie "Wagnis Wissenschaft" (Berta Eckstein-Diener, Helene Druskowitz, Gabriele Possanner). Die Biografien der zehn Persönlichkeiten, von denen manche längst in Vergessenheit geraten sind, machen deutlich, dass sie - abseits ideologischer Zielvorgaben - durch ihr vom Freiheitsgedanken bestimmtes unkonventionelles Leben die Emanzipation der Frauen in Österreich wesentlich befördert haben.</marc:subfield>
   </marc:datafield>
   <marc:datafield ind1=" " ind2=" " tag="020">
      <marc:subfield code="a">9783222135040</marc:subfield>
      <marc:subfield code="9">9783222135040</marc:subfield>
   </marc:datafield>
   <marc:datafield ind1=" " ind2=" " tag="020">
      <marc:subfield code="a">3222135045</marc:subfield>
      <marc:subfield code="9">3222135045</marc:subfield>
   </marc:datafield>
   <marc:datafield ind1=" " ind2=" " tag="300">
      <marc:subfield code="a">223 S. : Ill.</marc:subfield>
   </marc:datafield>
</marc:record>
